| 000 | 00408cam a2200181ua 4500 | ||
|---|---|---|---|
| 020 | _c2.00 | ||
| 041 |
_aeng _h |
||
| 082 |
_a824 _bNAR/NE |
||
| 100 | _aNarayan, R K . | ||
| 245 |
_aNext sunday / _cR K Narayan. _hTextual Documents |
||
| 250 |
_a1 / _b. |
||
| 260 |
_a : _bPearl publications , _c1960. |
||
| 300 | _a188 ; . | ||
| 365 | _a2.00 | ||
| 504 | _a | ||
| 942 | _cBK | ||
| 999 |
_c7861 _d7861 |
||